Devinez la Capitale Mystère #114 - Statistiques

Statistiques générales
  • Ce quiz a été pris 104 fois
  • Le résultat moyen est 28 sur 32
Statistiques - réponses
Type de Réponse Réponse % Correct
Lettre Bien Placée A
100%
Lettre Trouvée A
100%
Lettre Trouvée I
100%
Lettre de l'Alphabet P
100%
Lettre de l'Alphabet R
100%
Lettre de l'Alphabet S
100%
Lettre de l'Alphabet M
98%
Lettre de l'Alphabet D
96%
Lettre de l'Alphabet E
95%
Lettre Trouvée N
95%
Lettre de l'Alphabet B
94%
Lettre Bien Placée Ï
94%
Lettre Trouvée O
93%
Lettre de l'Alphabet L
90%
Lettre de l'Alphabet T
90%
Lettre de l'Alphabet K
89%
Lettre de l'Alphabet G
86%
Lettre de l'Alphabet U
86%
Lettre de l'Alphabet Y
85%
Lettre Bien Placée N
84%
Lettre de l'Alphabet C
83%
Lettre Trouvée H
83%
Lettre de l'Alphabet W
83%
Lettre de l'Alphabet V
80%
Lettre de l'Alphabet X
79%
Lettre de l'Alphabet Z
78%
Lettre de l'Alphabet J
76%
Lettre Bien Placée O
76%
Lettre de l'Alphabet Q
76%
Lettre de l'Alphabet F
75%
Lettre Bien Placée H
75%
Capitale Mystère Hanoï
75%
Aucun quiz correspondant
Distribution des résultats
% des personnes avec chaque résultat
Percentile par nombre de réponses
Votre historique - résultats
Vous n’avez pas pris ce quiz